| 000 | 00701nam a2200241Ia 4500 | ||
|---|---|---|---|
| 003 | OSt | ||
| 005 | 20221005124241.0 | ||
| 006 | a|||||r|||| 00| 0 | ||
| 007 | ta | ||
| 008 | 221004b |||||||| |||| 00| 0 pur d | ||
| 020 |
_a8181720245 (hbk) _c200 |
||
| 024 | _a989 | ||
| 037 |
_b5549, 21/03/2009, Modern Publishing House _cTextual |
||
| 040 |
_aCRL _cCRL _bpur |
||
| 041 |
_2pur _apur |
||
| 082 | _aO164,1L99w, 168P8 | ||
| 100 | _aKhatoon Rehana | ||
| 245 | 0 | _aMirza hargopal tafta | |
| 260 | _c2008 | ||
| 650 |
_aPERSIAN LITERATURE _9309 |
||
| 942 |
_hO164,1L99w, 168P8 _cTEXL _2cc |
||
| 999 |
_c1049887 _d1049887 |
||